000 00676nam a2200193 a 4500
001 000028534
005 20200930055009.0
008 110411s2003 dr d 000 0 spa d
040 _aDO-SdBNP
_bspa
_cBNPHU
082 _axxxx
_bP739r
245 0 3 _aLa pobreza en la República Dominicana :
_bdiagnóstico, análisis y propuesta.
260 _aSanto Domingo :
_bFundación para el Desarrollo Integral de la Sociedad,
_c2003.
300 _av. :
_bgráf. ;
_c23 cm.
490 1 _aPolítica social y desarrollo integral
500 _aLa biblioteca posee el v. 1
504 _aBibliografía : p. 75-77
830 0 _aPolítica social y desarrollo integral
_955491
049 _aBNPD
999 _c28026
_d28026